Datum a čas kvízu
39.5
Celkem bodů
Celkový počet nahraných bodů na tomto kvízu bez doplňovacích otázek.
2.
Pořadí na kvízu
Konečné umístění týmu na tomto kvízu.
Zaznamenané odpovědi
| # | Otázka | Odpověď | Body | Výsledky |
|---|---|---|---|---|
| 1. | Minulý týden nastal poměrně vz... | 9. 10. (2019) | 0 | |
| 2. | Americká společnost Johnson &... | narostla mu prsa | 1 | |
| 3. | Ti z Vás, kdo pravidelně sledu... | zavedení lokalizované (české) verze nabídky | 1 | |
| 4. | Univerzita Karlova uzavřela pa... | Home Credit | 1 | |
| 5. | V pátek se v Praze odehrál zá... | Vladimír Darida | 1 | |
| 6. | Téma o Brazílii zvítězilo ve f... | pátou a pátou | 0.5 | |
| 7. | Pokud bychom chtěli v říjnu 20... | v Curychu | 0 | |
| 8. | Tento světově proslulý brazils... | Oscar Niemeyer | 0 | |
| 9. | Především venkovská brazilská... | maniok | 1 | |
| 10. | Co se týče slavných osobností,... | Alessandra Ambrosio | 1 |